000 01044nam a22003017a 4500
001 7890
003 FISKH
005 20250813095809.0
008 250813b cb ||||| |||| 00| 0 eng d
020 _a9781435831148
040 _aFISKH
_beng
_cFISKH
_dFISKH
050 _aGB562.M57
082 _a551.44
100 _aS.Mis, Melody
245 _aGeography zone : Landforms :
_bExploring canyons /
_cMelody S.Mis
250 _aThis edition first published in 2009
260 _aNew York :
_bPowerKids,
_c2009
300 _a24 pages :
_bcolor illustrations ;
_c21 cm
505 _aJ
520 _aDescribes the geographical characteristics of canyons, explains how they are formed, identifies typical plants and animals found in canyons, and examines what it would be like to live in the Grand Canyon.
521 8 _a450
_bLexile
521 8 _aJ
_bRaz-Plus
650 _2Children's
_aWeather
650 _2Animal in Canyon
_aPeople in Canyon
700 _aGerweek, Jessica
_dillustrator
942 _2ddc
_cBK
_n0
999 _c7890
_d7890